<?xml version="1.0" encoding="UTF-8"?>
<collection xmlns="http://www.loc.gov/MARC21/slim">
 <record>
  <leader>01502nam a22002297a 4500</leader>
  <controlfield tag="001">NCT_62059</controlfield>
  <controlfield tag="008">190316b        xxu||||| |||| 00| 0 vie d</controlfield>
  <datafield tag="999" ind1=" " ind2=" ">
   <subfield code="c">3005</subfield>
   <subfield code="d">3005</subfield>
  </datafield>
  <datafield tag="020" ind1=" " ind2=" ">
   <subfield code="a">9786045859575</subfield>
   <subfield code="c">95000</subfield>
  </datafield>
  <datafield tag="082" ind1="0" ind2="4">
   <subfield code="2">23rd ed.</subfield>
   <subfield code="a">324.259707</subfield>
   <subfield code="b">Th116</subfield>
  </datafield>
  <datafield tag="100" ind1="1" ind2=" ">
   <subfield code="a">Mạnh Quang Thắng</subfield>
   <subfield code="e">Chủ biên</subfield>
  </datafield>
  <datafield tag="245" ind1="1" ind2="0">
   <subfield code="a">Một số vấn đề lý luận chính trị ở Việt Nam</subfield>
   <subfield code="c">Mạnh Quang Thắng (chủ biên) ; Lê Kim Việt, Đinh Ngọc Giang</subfield>
  </datafield>
  <datafield tag="260" ind1=" " ind2=" ">
   <subfield code="a">Tp. Hồ Chí Minh</subfield>
   <subfield code="b">Tổng hợp TP Hồ Chí Minh</subfield>
   <subfield code="c">2017</subfield>
  </datafield>
  <datafield tag="300" ind1=" " ind2=" ">
   <subfield code="a">367 tr.</subfield>
   <subfield code="c">24cm</subfield>
  </datafield>
  <datafield tag="520" ind1="3" ind2=" ">
   <subfield code="a">Sách trình bày tổng quát về cơ sở lý luận chính trị, một số vấn đề lý luận và thực tiễn đặt ra về lý luận chính trị hiện nay. Vận dụng lý luận chính trị ở Việt Nam trong công cuộc đổi mới và sáng tạo , phát triển lý luận chính trị trong điều kiện mới. </subfield>
  </datafield>
  <datafield tag="653" ind1=" " ind2=" ">
   <subfield code="a">Sách tham khảo</subfield>
  </datafield>
  <datafield tag="700" ind1="1" ind2=" ">
   <subfield code="a">Lê Kim Việt</subfield>
  </datafield>
  <datafield tag="700" ind1="1" ind2=" ">
   <subfield code="a">Đinh Ngọc Giang</subfield>
  </datafield>
  <datafield tag="942" ind1=" " ind2=" ">
   <subfield code="2">ddc</subfield>
   <subfield code="c">BK</subfield>
  </datafield>
  <datafield tag="952" ind1=" " ind2=" ">
   <subfield code="0">0</subfield>
   <subfield code="1">0</subfield>
   <subfield code="2">ddc</subfield>
   <subfield code="4">0</subfield>
   <subfield code="6">324_259707000000000_TH116</subfield>
   <subfield code="7">0</subfield>
   <subfield code="9">16277</subfield>
   <subfield code="a">000001</subfield>
   <subfield code="b">000001</subfield>
   <subfield code="d">2019-03-16</subfield>
   <subfield code="o">324.259707 Th116</subfield>
   <subfield code="p">TK.00720</subfield>
   <subfield code="r">2019-03-16</subfield>
   <subfield code="v">95000.00</subfield>
   <subfield code="w">2019-03-16</subfield>
   <subfield code="y">BK</subfield>
  </datafield>
  <datafield tag="952" ind1=" " ind2=" ">
   <subfield code="0">0</subfield>
   <subfield code="1">0</subfield>
   <subfield code="2">ddc</subfield>
   <subfield code="4">0</subfield>
   <subfield code="6">324_259707000000000_TH116</subfield>
   <subfield code="7">0</subfield>
   <subfield code="9">16278</subfield>
   <subfield code="a">000001</subfield>
   <subfield code="b">000001</subfield>
   <subfield code="d">2019-03-16</subfield>
   <subfield code="o">324.259707 Th116</subfield>
   <subfield code="p">TK.00721</subfield>
   <subfield code="r">2019-03-16</subfield>
   <subfield code="v">95000.00</subfield>
   <subfield code="w">2019-03-16</subfield>
   <subfield code="y">BK</subfield>
  </datafield>
  <datafield tag="980" ind1=" " ind2=" ">
   <subfield code="a">Thư viện Trường Đại học Nam Cần Thơ</subfield>
  </datafield>
 </record>
</collection>
